00664nam a2200205Ia 450000500170000000800410001704000190005804100120007708200160008910000180010524500450012326000410016830000170020950400570022665000280028385000100031194200070032199900160032895201140034420230127144440.0131103s9999 xx 000 0 und d aLoreto College aEnglish a954.01bMAJ aMajumdar,R.C. 4aThe age of imperial KanuajcR.C.Majumdar aBombaybBharatiya Vidya Bhavanc1955 axIiv,585 p.  aIncludes index,genealogy,chronology and bibliography aHistory - Ancient India aLCLIB cBK c9307d59786 00102ddc4070aMAINbMAINd2013-11-04l5o954.01 MAJ 18099pB9184r2018-04-25s2018-04-25w2013-11-04yBKf